000 00545nam a22001817a 4500
005 20251108165016.0
008 250721s1983 xx 000 0 ara d
082 1 4 _a535.58/فار
100 1 _aسكر، فاروق
245 1 0 _aأشعة لايزر و الأشعة النووية /
264 1 _aدمشق :
_bدار الحكمة للطباعة و النشر،
_c1983.
300 _a152ص
490 0 _aسلسلة العلوم الحديثة ؛ 2
650 1 7 _aالليزر
650 1 7 _aالأشعة
942 _2ddc
_cBK
999 _c19778
_d19778